E. E. Cummings

I tiakina i:
Ngā taipitopito rārangi puna kōrero
Kaituhi matua: Marks, Barry A. (autor)
Hōputu: Pukapuka
Reo:Ingarihi
I whakaputaina: Boston Twayne Publishers 1964
Rangatū:Twayne's United States Authors Series. TUSAS, 46
Ngā marau:
Ngā Tūtohu: Tāpirihia he Tūtohu
Kāore He Tūtohu, Me noho koe te mea tuatahi ki te tūtohu i tēnei pūkete!

MARC

LEADER 00000nam a2200000 a 4500
001 UCQ2527
003 CL-VaPUC
008 980724e19640000US |||||||||||||||||eng|d
082 0 4 |a 811.09  |b MAR  |2 21 
100 |a Marks, Barry A.  |e autor  |9 416464 
245 1 0 |a E. E. Cummings 
300 |a 156 p 
942 |c BK 
945 |d 19980724 00:00:00  |a crobeson 
260 |a Boston  |b Twayne Publishers  |c 1964 
600 0 7 |a CUMMINGS, EDWARD ESTLIN  |2 CL-VaPUC  |9 332710 
650 0 |a Poesía estadounidense  |9 265065 
650 0 |a Literatura estadounidense  |9 317168 
650 0 |a Crítica e interpretación   |9 255042 
650 0 |a Crítica literaria   |9 269189 
583 |a last modification  |c 19980724 00:00:00  |k Rodrigo Vera 
490 0 |a Twayne's United States Authors Series. TUSAS, 46 
999 |c 273345  |d 273343 
952 |0 0  |1 0  |4 0  |6 811_090000000000000_MAR_1964  |7 0  |8 A  |9 308802  |a BIBEDU  |b BIBEDU  |d 2019-11-20  |i 1448579  |o 811.09 MAR 1964  |p 1448579  |r 2019-11-20  |w 2019-11-20  |y BK  |k LIT